| 000 | 00567ntaaa2200205 4500 | ||
|---|---|---|---|
| 003 | 01 | ||
| 005 | 20251027202246.0 | ||
| 008 | 0714s1973 ag 01 | ||
| 040 |
_aAR-BaBN _bspa _cAR-BaBN _eaacr _dRIC |
||
| 082 | _a268.4320 C19 | ||
| 245 | _aAdventures in christian living and learning | ||
| 250 | _a1 ed. | ||
| 260 |
_aSt. Louis : _bBetnany Press, _c1969 |
||
| 300 | _a128 p | ||
| 500 | _aLa bilioteca posee Tomo II de este título editado por Doris Monroe | ||
| 650 | _aniños | ||
| 650 |
_aretardados _91897 |
||
| 700 |
_aCarlson, Jessie B _920976 |
||
| 942 | _cBK | ||
| 999 |
_c17368 _d17368 |
||